000 02073nam0a2200373 4500
001 RU\NLR\bibl\30193
005 20260407084955.0
010 _a5-7997-0080-5
_9300
021 _aRU
_b98-29982
_91421
035 _a(NLR Aleph) 000029398
090 _a145643
_c145643
100 _a19990528d1998 |||y0rusy50 ca
101 0 _arus
102 _aRU
105 _aa |||||||||
200 1 _aПсилоцибинсодержащие грибы
_e(Криминалист. и судеб.-мед. исслед.)
_f[Бабаханян Р.В., Бушуев Е.С., Казанков С.П. и др.]
_gС.-Петерб. гос. мед. ун-т им. акад. И.П. Павлова и др.
210 _aСПб.
_cС.-Петерб. гос. мед. ун-т и др.
_d1998
215 _a107 с.
_cил.
_d20
300 _aВ надзаг. также: С.-Петерб. акад. МВД России, Эксперт.-криминалист. упр. ГУВД С.-Петербурга и Ленингр. обл.
320 _aБиблиогр.: с. 97-107
606 0 _aПсилоцибинсодержащие грибы
_jРуководства, пособия и т.п.
_xСудебно-медицинская экспертиза
_92090009
_3RU\NLR\auth\661265089
606 0 _aПсилоцибинсодержащие грибы
_xКриминалистическая экспертиза
_yРоссийская Федерация
_92090863
_3RU\NLR\auth\661265524
686 _aР811.271.9я77
686 _aХ629.40
701 1 _4070
_8rus
_7ca
_aБабаханян
_bР. В.
_f1940-
_gРоберт Вардгесович
_3RU\NLR\auth\7737622
_920610
701 1 _aБушуев
_bЕ. С.
_4070
701 1 _aКазанков
_bС. П.
_4070
712 0 2 _4570
_aСанкт-Петербургский государственный медицинский университет им. И. П. Павлова
_3RU\NLR\AUTH\8812801
_9298499
801 0 _aRU
_bNLR
_c19990528
_gPSBO
801 1 _aRU
_bNLR
_c19990528
852 _aNLR
_j99-3/4393
942 _cBOOK
980 _aNB